Metal Subgenres - Statistiques

Statistiques générales
  • Ce quiz a été pris 222 fois
  • Le résultat moyen est 19 sur 74
Statistiques - réponses
Réponse % Correct
Death
98%
Black
91%
Heavy
83%
Nu
79%
Metalcore
71%
Doom
65%
Power
64%
Thrash
62%
Progressive
61%
Symphonic
61%
Deathcore
59%
Grindcore
59%
Speed
52%
Industrial
48%
Melodeath/Gothenburg
45%
Glam
43%
Folk
42%
Melodic Black
41%
Groove
40%
Gothic
33%
Sludge
32%
Stoner
32%
Alternative
31%
Brutal Death
29%
Djent
28%
DSBM
28%
Viking
28%
Rap
26%
Post-metal
24%
Technical Death
24%
Technical Thrash
24%
Slam Death
23%
Atmospheric Black
22%
Goregrind
22%
Christian
18%
Math
17%
Drone
16%
Pagan Black
16%
Avantgarde
15%
Crossover Thrash
15%
New Wave Of British Heavy
14%
Pornogrind
12%
Celtic
11%
Crust Punk
11%
Epic Doom
11%
Funeral
11%
War
11%
Blackgaze
10%
Extreme
8%
Funk
8%
Mittelalter-Metal
8%
Neoclassical
8%
Deathgrind
7%
Deathgrind
7%
Kawaii
7%
Cyber
6%
Death Doom
6%
Black 'n' Roll
5%
Mathcore
5%
Neue Deutsche Härte
4%
Thall
3%
Cybergrind
2%
Death 'n' Roll
2%
Dissonant Black
2%
Dissonant Death
2%
Gorenoise
2%
Mincecore
2%
Noisegrind
2%
OSDM
2%
Southern
2%
Traditional Doom
2%
Trance
2%
Doomgaze
1%
Stenchcore
1%
Aucun quiz correspondant
Distribution des résultats
% des personnes avec chaque résultat
Percentile par nombre de réponses
Votre historique - résultats
Vous n’avez pas pris ce quiz